000 00433nam a2200145 4500
001 143226
003 ES-MaACL
007 t|
008 070214s1974 sp r ||||1| cat d
100 1 _aSerrahima, Maurici.
_9105674
245 1 0 _aJoseph Maria Capdevila
_b: assaig biografic /
_cMaurici Serrahima.
260 _aBarcelona :
_bBarcino,
_c1974 (
_fGráf. Marina)
300 _a118 p. ;
_c20 cm.
852 _aES-MaACL
_jE-8023
_bR.92367
999 _c143226
_d143226